[Event "Conil op 1st"]
[Site "Conil de la Frontera"]
[Date "2021.07.18"]
[Round "7"]
[White "Bermudez Ureba, Juan Diego"]
[Black "Perez Gonzalez, Daniel"]
[Result "1-0"]
[WhiteElo "2191"]
[BlackElo "2072"]
[PlyCount "115"]
[EventDate "2021.07.15"]
[EventType "swiss"]
[EventRounds "7"]
[EventCountry "ESP"]
[SourceTitle "CBM 203 Extra"]
[Source "ChessBase"]
[SourceDate "2021.09.30"]
[SourceVersion "1"]
[SourceVersionDate "2021.09.30"]
[SourceQuality "1"]

1. e4 c5 2. Nf3 Nc6 3. d4 cxd4 4. Nxd4 g6 5. c4 Bg7 6. Be3 Nf6 7. Nc3 d6 8. Be2 0-0 9. 0-0 Bd7 10. f4 Nxd4 11. Bxd4 Bc6 12. Bf3 a5 13. Rc1 Nd7 14. Bxg7 Kxg7 15. Qd4+ f6 16. Bg4 Qb6 17. Qxb6 Nxb6 18. Nd5 Bxd5 19. cxd5 f5 20. exf5 gxf5 21. Bf3 Rac8 22. Rfe1 Rxc1 23. Rxc1 Rc8 24. Rxc8 Nxc8 25. Kf2 Nb6 26. b3 Na8 27. Ke3 b5 28. a3 Nc7 29. Kd4 Kf6 30. g3 h6 31. Be2 e6 32. dxe6 Kxe6 33. Bf1 Kf6 34. Bg2 Ke6 35. Bc6 Ke7 36. Bf3 Kd7 37. Be2 Ne6+ 38. Kd5 Nc7+ 39. Kd4 Ne6+ 40. Kc3 Nc7 41. Bd3 Ke6 42. Kd4 Kf6 43. h3 Ke6 44. g4 fxg4 45. hxg4 Kf6 46. Bc2 Ne6+ 47. Kd5 Nxf4+ 48. Kxd6 Kg5 49. Kc5 Ne6+ 50. Kd5 b4 51. a4 Nf4+ 52. Kc5 Ne2 53. Kb6 Kxg4 54. Kxa5 h5 55. Kxb4 h4 56. Bd1 Kf3 57. a5 Ke3 58. Bxe2 1-0

[Event "Conil op 1st"]
[Site "Conil de la Frontera"]
[Date "2021.07.18"]
[Round "6"]
[White "Perez Gonzalez, Daniel"]
[Black "Perez Garcia, Roberto"]
[Result "0-1"]
[WhiteElo "2072"]
[BlackElo "2109"]
[PlyCount "124"]
[EventDate "2021.07.15"]
[EventType "swiss"]
[EventRounds "7"]
[EventCountry "ESP"]
[SourceTitle "CBM 203 Extra"]
[Source "ChessBase"]
[SourceDate "2021.09.30"]
[SourceVersion "1"]
[SourceVersionDate "2021.09.30"]
[SourceQuality "1"]

1. e4 d5 2. exd5 Qxd5 3. Nc3 Qd8 4. Bc4 Nf6 5. Nf3 e6 6. d4 a6 7. Qe2 Be7 8. Bg5 0-0 9. 0-0 b5 10. Bb3 Bb7 11. Rfe1 b4 12. Na4 Nbd7 13. Ne5 Nxe5 14. Qxe5 Ng4 15. Bxe7 Qxe7 16. Qf4 Nf6 17. Nc5 Bd5 18. c4 bxc3 19. bxc3 Bxb3 20. axb3 Nd5 21. Qd2 a5 22. Nb7 c6 23. Nxa5 c5 24. h3 cxd4 25. Qxd4 Qc7 26. Nc4 Rab8 27. Rab1 Rfd8 28. Qe5 Qxe5 29. Nxe5 Nxc3 30. Nc6 Nxb1 31. Rxb1 Rdc8 32. Nxb8 Rxb8 33. Kf1 Kf8 34. Ke2 Ke7 35. Kd3 Kd6 36. Rb2 f5 37. Kc4 Rc8+ 38. Kb5 Rb8+ 39. Ka6 Kc5 40. f4 Kd4 41. g3 g6 42. Rd2+ Ke4 43. Rb2 Kf3 44. b4 Kxg3 45. b5 Kxf4 46. Rb4+ Ke3 47. b6 e5 48. Kb5 f4 49. Kc4 f3 50. Rb3+ Kf4 51. Kd3 e4+ 52. Kd2 g5 53. b7 h5 54. Rb4 g4 55. hxg4 hxg4 56. Ke1 Kg3 57. Kf1 e3 58. Ke1 e2 59. Rb1 Kg2 60. Kd2 g3 61. Ke1 Rxb7 62. Rc1 Re7 0-1

[Event "Conil op 1st"]
[Site "Conil de la Frontera"]
[Date "2021.07.17"]
[Round "4"]
[White "Alshameary Puente, Ismael"]
[Black "Perez Gonzalez, Daniel"]
[Result "0-1"]
[WhiteElo "2327"]
[BlackElo "2072"]
[PlyCount "50"]
[EventDate "2021.07.15"]
[EventType "swiss"]
[EventRounds "7"]
[EventCountry "ESP"]
[SourceTitle "CBM 203 Extra"]
[Source "ChessBase"]
[SourceDate "2021.09.30"]
[SourceVersion "1"]
[SourceVersionDate "2021.09.30"]
[SourceQuality "1"]

1. d4 Nf6 2. c4 g6 3. f3 d5 4. cxd5 Nxd5 5. e4 Nb6 6. Nc3 Bg7 7. Be3 0-0 8. Qd2 Nc6 9. 0-0-0 Na5 10. b3 Nc6 11. h4 f5 12. e5 a5 13. h5 Qe8 14. Nh3 a4 15. Nxa4 Nxa4 16. Bc4+ e6 17. bxa4 Rxa4 18. Bb3 Ra6 19. hxg6 hxg6 20. Bh6 Na5 21. Bxg7 Nxb3+ 22. axb3 Kxg7 23. Ng5 Rh8 24. Qb4 Rxh1 25. Rxh1 Ra1+ 0-1

[Event "Madrid-ch sf"]
[Site "Madrid"]
[Date "2021.05.13"]
[Round "9"]
[White "Perez Gonzalez, Daniel"]
[Black "Vukotic Jovsic, Dragan"]
[Result "1-0"]
[WhiteElo "2056"]
[BlackElo "1859"]
[PlyCount "130"]
[EventDate "2021.05.05"]
[EventType "swiss"]
[EventRounds "9"]
[EventCountry "ESP"]
[SourceTitle "EXT 2022"]
[Source "ChessBase"]
[SourceDate "2021.10.06"]
[SourceVersion "1"]
[SourceVersionDate "2021.10.06"]
[SourceQuality "1"]

1. d4 e6 2. e4 d5 3. Bd3 dxe4 4. Bxe4 Nf6 5. Bf3 c5 6. Ne2 Qc7 7. Be3 Bd7 8. Nbc3 Bc6 9. Bf4 Bd6 10. Bxc6+ Qxc6 11. 0-0 Bxf4 12. Nxf4 cxd4 13. Qxd4 Nbd7 14. Rad1 0-0 15. Nd3 a6 16. Rfe1 Rac8 17. Re3 Qc4 18. Ne1 Qxd4 19. Rxd4 Nb6 20. Red3 Nc4 21. Nd1 e5 22. Rh4 e4 23. Rb3 Rfd8 24. Nc3 b5 25. Rb4 Nxb2 26. Nxb5 Rd1 27. Kf1 Rxc2 28. Na3 Rxe1+ 29. Kxe1 Nd3+ 30. Kd1 Nxb4 31. Nxc2 Nxa2 32. Rh3 Nd5 33. Ra3 Nac3+ 34. Ke1 f5 35. Rxa6 Kf7 36. Nd4 f4 37. Rc6 Na4 38. Nf5 Nb4 39. Rc7+ Kg6 40. Nxg7 Nd5 41. Ra7 Nc5 42. Ne8 h5 43. Nd6 e3 44. fxe3 Nxe3 45. Kf2 Nd3+ 46. Kf3 Ne1+ 47. Kxf4 N3xg2+ 48. Kg3 Ne3 49. Kf2 N1c2 50. h4 Ng4+ 51. Kg3 Nce3 52. Ra5 Nf6 53. Ra6 Nf5+ 54. Kf4 Nd5+ 55. Ke5 Nb4 56. Ra8 Nxh4 57. Rg8+ Kh7 58. Rg3 Ng6+ 59. Kf6 Nd5+ 60. Kg5 Ndf4 61. Ra3 Kg7 62. Ra7+ Kg8 63. Kf6 Kh8 64. Nf7+ Kg8 65. Ng5 Nf8 1-0

[Event "Madrid-ch sf"]
[Site "Madrid"]
[Date "2021.05.08"]
[Round "4"]
[White "Perez Gonzalez, Daniel"]
[Black "Martinez Conde Hernandez, Carlos"]
[Result "0-1"]
[WhiteElo "2056"]
[BlackElo "2104"]
[PlyCount "128"]
[EventDate "2021.05.05"]
[EventType "swiss"]
[EventRounds "9"]
[EventCountry "ESP"]
[SourceTitle "EXT 2022"]
[Source "ChessBase"]
[SourceDate "2021.10.06"]
[SourceVersion "1"]
[SourceVersionDate "2021.10.06"]
[SourceQuality "1"]

1. e4 c5 2. Nf3 e6 3. d4 cxd4 4. Nxd4 Nc6 5. Nc3 Qc7 6. Be3 a6 7. Qf3 Nf6 8. 0-0-0 Ne5 9. Qg3 b5 10. a3 Bb7 11. Bxb5 Rc8 12. Ba4 Nxe4 13. Nxe4 Bxe4 14. Bf4 Qa5 15. Bxe5 Qxa4 16. Rd2 f6 17. Bd6 Kf7 18. Re1 Bg6 19. Ree2 Qc4 20. b3 Qc3 21. Qxc3 Rxc3 22. Kb2 Bxd6 23. Kxc3 Bxa3 24. Rd1 Rc8+ 25. Kd2 e5 26. Nf3 Bxc2 27. Ra1 Bb4+ 28. Ke3 Bc5+ 29. Kd2 Bb4+ 30. Ke3 Rc3+ 31. Kd2 Bxb3 32. Ne1 Bc4 33. Ra4 Ra3+ 34. Rxb4 Ra2+ 35. Nc2 Bxe2 36. Kc3 Ra5 37. Rb7 Rc5+ 38. Kd2 Bb5 39. Ne3 Bc6 40. Ra7 Ra5 41. g3 Ra2+ 42. Ke1 Ke6 43. h4 Bb5 44. Nd1 h5 45. Nc3 Ra1+ 46. Kd2 Bc6 47. Ne2 Ra2+ 48. Ke1 Bf3 49. Nc3 Ra1+ 50. Kd2 Bc6 51. Ne2 Kf5 52. f4 Kg4 53. fxe5 fxe5 54. Rc7 Kf3 55. Nc1 Kxg3 56. Nd3 e4 57. Ne5 Kf2 58. Nxc6 e3+ 59. Kd3 e2 60. Rxd7 e1Q 61. Rf7+ Kg2 62. Rxg7+ Kh2 63. Nd4 Rd1+ 64. Kc4 Rxd4+ 0-1

[Event "Madrid-ch sf"]
[Site "Madrid"]
[Date "2021.05.07"]
[Round "3"]
[White "Ortega Ruiz, Jose Miguel"]
[Black "Perez Gonzalez, Daniel"]
[Result "1-0"]
[WhiteElo "2253"]
[BlackElo "2056"]
[PlyCount "115"]
[EventDate "2021.05.05"]
[EventType "swiss"]
[EventRounds "9"]
[EventCountry "ESP"]
[SourceTitle "EXT 2022"]
[Source "ChessBase"]
[SourceDate "2021.10.06"]
[SourceVersion "1"]
[SourceVersionDate "2021.10.06"]
[SourceQuality "1"]

1. e4 c5 2. Nf3 d6 3. d4 cxd4 4. Nxd4 Nf6 5. Nc3 g6 6. Be2 Bg7 7. 0-0 0-0 8. Be3 Nc6 9. Qd2 a6 10. Rad1 Ng4 11. Bxg4 Bxg4 12. f3 Bd7 13. Nd5 Ne5 14. b3 e6 15. Nf4 Rc8 16. Qb4 Qc7 17. c4 Rfd8 18. Nde2 b5 19. Qxd6 Qxd6 20. Rxd6 bxc4 21. Rfd1 cxb3 22. axb3 Bf8 23. Rxa6 Bb5 24. Rxd8 Bxa6 25. Rxc8 Bxc8 26. Nc1 Ba6 27. Kf2 Bb4 28. h4 h5 29. g3 Kf8 30. Na2 Bd6 31. Nc3 Nd3+ 32. Nxd3 Bxd3 33. Na4 Bc2 34. Bc5 Ke7 35. e5 Bxc5+ 36. Nxc5 Kd8 37. Ke3 Kc7 38. Kd2 Bf5 39. Kc3 Bh3 40. Ne4 Bg2 41. Ng5 Kd7 42. Kd4 Ke7 43. b4 f5 44. Kc5 Kd7 45. b5 Bf1 46. b6 Ba6 47. f4 Bb7 48. Nf7 Bd5 49. Nh8 Ke7 50. Nxg6+ Kf7 51. Kd6 Kxg6 52. Kc7 Kg7 53. b7 Bxb7 54. Kxb7 Kf7 55. Kc7 Ke7 56. Kc6 Ke8 57. Kd6 Kf7 58. Kd7 1-0

[Event "ESP-chT CECLUB Div2"]
[Site "Linares"]
[Date "2020.08.25"]
[Round "2.3"]
[White "Gil Quilez, Sonia"]
[Black "Perez Gonzalez, Daniel"]
[Result "0-1"]
[WhiteElo "2151"]
[BlackElo "2079"]
[PlyCount "62"]
[EventDate "2020.08.24"]
[EventType "team-tourn"]
[EventRounds "6"]
[EventCountry "ESP"]
[SourceTitle "CBM 198 Extra"]
[Source "ChessBase"]
[SourceDate "2020.11.30"]
[SourceVersion "1"]
[SourceVersionDate "2020.11.30"]
[SourceQuality "1"]
[WhiteTeam "Bargas Fundacion Soliss"]
[BlackTeam "Beniajan Duochess CAC II"]
[WhiteTeamCountry "ESP"]
[BlackTeamCountry "ESP"]

1. d4 Nf6 2. Nf3 g6 3. c4 d5 4. e3 Bg7 5. Nc3 0-0 6. Bd3 c5 7. cxd5 cxd4 8. Nxd4 Nxd5 9. 0-0 Nxc3 10. bxc3 Qc7 11. Bb2 Rd8 12. Qe2 Nd7 13. f4 Nc5 14. Bc2 e6 15. Rad1 Bd7 16. c4 Rac8 17. Ba1 b6 18. Nf3 Bc6 19. Ne5 Nd7 20. Ng4 Bxa1 21. Rxa1 h5 22. Nf2 Bb7 23. Bb3 Nf6 24. Rad1 Qc6 25. Nd3 Ng4 26. Rf3 Qe4 27. Rg3 Nh6 28. Nf2 Qc6 29. e4 Ng4 30. Nxg4 hxg4 31. Re1 Rd4 0-1

[Event "ESP-chT CECLUB Div2"]
[Site "Linares"]
[Date "2020.08.25"]
[Round "3.3"]
[White "Perez Gonzalez, Daniel"]
[Black "Garcia Gimenez, Santiago"]
[Result "0-1"]
[WhiteElo "2079"]
[BlackElo "2185"]
[PlyCount "90"]
[EventDate "2020.08.24"]
[EventType "team-tourn"]
[EventRounds "6"]
[EventCountry "ESP"]
[SourceTitle "CBM 198 Extra"]
[Source "ChessBase"]
[SourceDate "2020.11.30"]
[SourceVersion "1"]
[SourceVersionDate "2020.11.30"]
[SourceQuality "1"]
[WhiteTeam "Bargas Fundacion Soliss"]
[BlackTeam "Xeraco CE"]
[WhiteTeamCountry "ESP"]
[BlackTeamCountry "ESP"]

1. d4 Nf6 2. Nc3 d5 3. Bf4 a6 4. e3 e6 5. g4 c5 6. g5 Nfd7 7. Nf3 Nc6 8. h4 Be7 9. h5 b5 10. a3 Bb7 11. Bd3 Qb6 12. dxc5 Bxc5 13. Rh3 Rd8 14. Qe2 Qa5 15. Kf1 b4 16. Rb1 bxc3 17. b4 Qb6 18. Rb3 Be7 19. b5 axb5 20. Bxb5 Qc5 21. Kg2 d4 22. e4 e5 23. Bc1 Na5 24. Bxd7+ Rxd7 25. Rb5 Qc4 26. Qxc4 Nxc4 27. Nxe5 Bxe4+ 28. f3 Nxe5 29. fxe4 f6 30. Bf4 h6 31. gxh6 gxh6 32. Bxe5 fxe5 33. Rxe5 d3 34. cxd3 c2 35. Rh1 Rg8+ 36. Kf2 Rg5 37. Re6 Rc7 38. Rc1 Kf7 39. Rxh6 Bxa3 40. Rxc2 Rxc2+ 41. Kf3 Bc5 42. Kf4 Rf2+ 43. Kxg5 Be3+ 44. Kg4 Bxh6 45. Kg3 Rd2 0-1

[Event "Valdepenas U2200 op 2nd"]
[Site "Valdepenas"]
[Date "2020.07.25"]
[Round "2.4"]
[White "Perez Gonzalez, Daniel"]
[Black "Zubizarreta Riego, Mikel"]
[Result "1/2-1/2"]
[WhiteElo "2116"]
[BlackElo "1934"]
[PlyCount "173"]
[EventDate "2020.07.25"]
[EventType "swiss (rapid)"]
[EventRounds "7"]
[EventCountry "ESP"]
[SourceTitle "EXT 2024"]
[Source "ChessBase"]
[SourceDate "2023.10.10"]
[SourceVersion "1"]
[SourceVersionDate "2023.10.10"]
[SourceQuality "1"]

1. d4 d5 2. Bf4 c5 3. Nc3 Nf6 4. e3 e6 5. Nf3 a6 6. Bd3 Nc6 7. 0-0 Bd6 8. dxc5 Bxf4 9. exf4 Qa5 10. f5 0-0 11. fxe6 fxe6 12. Re1 Qxc5 13. Qd2 Qd6 14. Qg5 h6 15. Qg3 Qxg3 16. hxg3 b5 17. Re2 Bd7 18. Rae1 Rae8 19. Bg6 Rc8 20. a3 Ne8 21. Ne5 Nxe5 22. Rxe5 Nd6 23. Bd3 Nc4 24. Bxc4 Rxc4 25. R1e2 Rfc8 26. Rd2 a5 27. Ree2 R8c7 28. Nd1 Bc8 29. Ne3 R4c6 30. c3 Ba6 31. Re1 Rb6 32. Nc2 Kf7 33. Rd4 g5 34. f3 Rc4 35. Red1 Bb7 36. f4 Rxd4 37. Rxd4 Kf6 38. Ne3 Rd6 39. Ng4+ Kg7 40. Ne5 Rd8 41. Kf2 Rc8 42. Kf3 Rf8 43. Kg4 Rf5 44. Kf3 h5 45. g4 hxg4+ 46. Kxg4 Rxf4+ 47. Rxf4 gxf4 48. Kxf4 d4 49. g4 dxc3 50. bxc3 Bd5 51. Nd7 Kg6 52. Ke5 Bb3 53. Nc5 Bd1 54. Kf4 e5+ 55. Kxe5 Bxg4 56. Nb7 b4 57. cxb4 axb4 58. axb4 Be2 59. Nd6 Kg7 60. Ke6 Kf8 61. Kd7 Bg4+ 62. Kc6 Be2 63. Kd7 Bg4+ 64. Kd8 Be2 65. Nb7 Bf1 66. Nc5 Kf7 67. Kd7 Kf8 68. Nb3 Bc4 69. Nd2 Bb5+ 70. Kd6 Ba4 71. Nc4 Bb5 72. Nb6 Ke8 73. Kc5 Be2 74. Nc4 Kd7 75. b5 Bxc4 76. Kxc4 Kc7 77. Kc5 Kb7 78. Kb4 Kb6 79. Kc4 Kb7 80. Kc5 Kc7 81. b6+ Kb7 82. Kb5 Kb8 83. Kc4 Kb7 84. Kc5 Kb8 85. Kc6 Kc8 86. b7+ Kb8 87. Kb6 1/2-1/2

[Event "Almansa op-A 14th"]
[Site "Almansa"]
[Date "2019.08.09"]
[Round "6"]
[White "Perez Gonzalez, Daniel"]
[Black "Sanchez Jerez, Emilio Miguel"]
[Result "1-0"]
[WhiteElo "2016"]
[BlackElo "2141"]
[PlyCount "78"]
[EventDate "2019.08.07"]
[EventType "swiss"]
[EventRounds "7"]
[EventCountry "ESP"]
[SourceTitle "EXT 2022"]
[Source "ChessBase"]
[SourceDate "2021.10.06"]
[SourceVersion "1"]
[SourceVersionDate "2021.10.06"]
[SourceQuality "1"]

1. d4 e6 2. e4 d5 3. Nc3 Nf6 4. Bg5 dxe4 5. Nxe4 Be7 6. Bxf6 gxf6 7. Nf3 a6 8. g3 f5 9. Nc3 b5 10. Bg2 Bb7 11. 0-0 c5 12. d5 b4 13. dxe6 bxc3 14. exf7+ Kf8 15. Qc1 Qd6 16. Rd1 Qf6 17. bxc3 Be4 18. Nh4 Bxg2 19. Nxg2 Kxf7 20. Qf4 Rf8 21. Rd5 Kg8 22. Qf3 Nc6 23. Nh4 f4 24. Rf5 Qh6 25. Rh5 Qe6 26. Nf5 fxg3 27. Qg4+ Qg6 28. Nxe7+ Nxe7 29. Rg5 gxf2+ 30. Kf1 Kg7 31. Rd1 Rf7 32. Rd6 Raf8 33. h4 Kh8 34. Rgxg6 hxg6 35. Qg5 Rb8 36. Qe5+ Kh7 37. Rd1 Rbf8 38. h5 c4 39. Rd6 g5 1-0

[Event "Ciudad Real-ch Men and Seniors"]
[Site "Ciudad Real"]
[Date "2019.07.06"]
[Round "4.5"]
[White "Martinez Conde Hernandez, Carlos"]
[Black "Perez Gonzalez, Daniel"]
[Result "0-1"]
[WhiteElo "2085"]
[BlackElo "1993"]
[PlyCount "54"]
[EventDate "2019.07.04"]
[EventType "swiss"]
[EventRounds "7"]
[EventCountry "ESP"]
[SourceTitle "EXT 2024"]
[Source "ChessBase"]
[SourceDate "2023.10.10"]
[SourceVersion "1"]
[SourceVersionDate "2023.10.10"]
[SourceQuality "1"]

1. e4 c5 2. Nf3 d6 3. d4 cxd4 4. Nxd4 Nf6 5. Nc3 a6 6. Bc4 Nbd7 7. a3 g6 8. 0-0 Bg7 9. f3 0-0 10. Be3 Ne5 11. Bb3 b5 12. Qe2 Qc7 13. a4 b4 14. Na2 Rb8 15. c3 bxc3 16. Nxc3 Qb7 17. Rab1 Bd7 18. Rfc1 e6 19. Ba2 d5 20. Nb3 dxe4 21. Nc5 exf3 22. Nxb7 fxe2 23. Nc5 Nfg4 24. Bf4 Rb4 25. Bg3 Bh6 26. Re1 Be3+ 27. Kh1 Bxc5 0-1

[Event "Benidorm op U2000 17th"]
[Site "Benidorm"]
[Date "2018.11.30"]
[Round "1"]
[White "Perez Gonzalez, Daniel"]
[Black "Domenech Pont, Juan Hermenegildo"]
[Result "1-0"]
[WhiteElo "1993"]
[BlackElo "1748"]
[PlyCount "55"]
[EventDate "2018.11.30"]
[EventType "swiss"]
[EventRounds "10"]
[EventCountry "ESP"]
[SourceTitle "EXT 2022"]
[Source "ChessBase"]
[SourceDate "2021.10.06"]
[SourceVersion "1"]
[SourceVersionDate "2021.10.06"]
[SourceQuality "1"]

1. e4 g6 2. d4 Bg7 3. Bc4 c5 4. c3 Nc6 5. dxc5 Nf6 6. Qe2 d6 7. cxd6 Qxd6 8. Nf3 e5 9. 0-0 0-0 10. Rd1 Qc7 11. Nbd2 a6 12. a4 Bd7 13. Nb3 Bg4 14. Bd3 Nd7 15. h3 Be6 16. Bc2 h6 17. Be3 Rac8 18. Qd2 Rfd8 19. Qd6 Bf8 20. Qxc7 Rxc7 21. a5 Rcc8 22. Ne1 g5 23. Nd3 Nb4 24. Nxb4 Bxb4 25. cxb4 Rxc2 26. Nc5 Kf8 27. Nxe6+ fxe6 28. Bb6 1-0

[Event "Almansa op-B 13th"]
[Site "Almansa"]
[Date "2018.08.04"]
[Round "6.2"]
[White "Navarro Rico, Lluis"]
[Black "Perez Gonzalez, Daniel"]
[Result "0-1"]
[WhiteElo "1937"]
[BlackElo "1959"]
[PlyCount "94"]
[EventDate "2018.08.02"]
[EventType "swiss"]
[EventRounds "7"]
[EventCountry "ESP"]
[SourceTitle "EXT 2024"]
[Source "ChessBase"]
[SourceDate "2023.10.10"]
[SourceVersion "1"]
[SourceVersionDate "2023.10.10"]
[SourceQuality "1"]

1. Nf3 Nf6 2. c4 g6 3. g3 Bg7 4. Bg2 0-0 5. 0-0 d6 6. Nc3 e5 7. d3 Re8 8. Nd2 c6 9. Rb1 a5 10. a3 h6 11. b4 axb4 12. axb4 d5 13. b5 Be6 14. Na4 Nbd7 15. cxd5 cxd5 16. Bb2 Qa5 17. Nc3 Rec8 18. Nb3 Qb4 19. d4 Rxc3 20. Bxc3 Qxc3 21. dxe5 Qxe5 22. Nd4 Ne4 23. Bxe4 Qxe4 24. Nxe6 fxe6 25. Qd2 Nb6 26. h3 Nc4 27. Qb4 Bf8 28. Qc3 Ra3 29. Qc1 Ra2 30. Ra1 Rxe2 31. Ra8 Ne5 32. Qc5 Nf3+ 33. Kh1 Qf5 34. Kg2 Ng5 35. Kg1 Nxh3+ 36. Kg2 Ng5 37. Kg1 Nf3+ 38. Kg2 Ne1+ 39. Rxe1 Rxe1 40. Qb4 Re4 41. Qd6 Rc4 42. Re8 Rc1 43. Qxe6+ Qxe6 44. Rxe6 Kf7 45. Re5 Rc5 46. b6 Rb5 47. f4 Bd6 0-1

[Event "Almansa op-B 13th"]
[Site "Almansa"]
[Date "2018.08.04"]
[Round "5.2"]
[White "Perez Gonzalez, Daniel"]
[Black "Garcia Lopez, Juan Antonio"]
[Result "1-0"]
[WhiteElo "1959"]
[BlackElo "1951"]
[PlyCount "117"]
[EventDate "2018.08.02"]
[EventType "swiss"]
[EventRounds "7"]
[EventCountry "ESP"]
[SourceTitle "EXT 2024"]
[Source "ChessBase"]
[SourceDate "2023.10.10"]
[SourceVersion "1"]
[SourceVersionDate "2023.10.10"]
[SourceQuality "1"]

1. d4 d5 2. Nc3 e6 3. Bf4 c5 4. e3 Bd6 5. dxc5 Bxf4 6. exf4 Nf6 7. Nf3 0-0 8. Bd3 Qc7 9. Ne5 Nbd7 10. Nb5 Qxc5 11. c3 a6 12. Nd4 b5 13. a3 Qc7 14. Qe2 Nc5 15. Bc2 Na4 16. Bxa4 bxa4 17. 0-0 a5 18. Qc2 Bd7 19. Rfd1 Ne4 20. Rd3 f6 21. Nxd7 Qxd7 22. Rh3 g6 23. Re3 Rab8 24. Rae1 Rb6 25. f3 Nc5 26. Qe2 Rfb8 27. Nxe6 Nxe6 28. Rxe6 Rxe6 29. Qxe6+ Qxe6 30. Rxe6 Rxb2 31. Rxf6 Rb3 32. Ra6 Rxc3 33. Rxa5 Rxa3 34. Rxd5 Ra2 35. Ra5 a3 36. Ra7 Kf8 37. h4 h5 38. Kh2 Ra1 39. Kg3 a2 40. f5 gxf5 41. Kf4 Rh1 42. Rxa2 Rxh4+ 43. Kxf5 Rh2 44. f4 h4 45. Kf6 Kg8 46. f5 h3 47. Ra8+ Kh7 48. gxh3 Rxh3 49. Kf7 Rb3 50. Re8 Kh6 51. f6 Rf3 52. Re5 Rf2 53. Re1 Kg5 54. Rg1+ Kh6 55. Ke7 Kh7 56. f7 Re2+ 57. Kf8 Rf2 58. Rh1+ Kg6 59. Kg8 1-0

[Event "Benidorm op U2000 16th"]
[Site "Benidorm"]
[Date "2017.12.09"]
[Round "10"]
[White "Anguix Gomez, Exuperio"]
[Black "Perez Gonzalez, Daniel"]
[Result "1/2-1/2"]
[WhiteElo "1872"]
[BlackElo "1933"]
[PlyCount "79"]
[EventDate "2017.12.01"]
[EventType "swiss"]
[EventRounds "10"]
[EventCountry "ESP"]
[SourceTitle "EXT 2019"]
[Source "ChessBase"]
[SourceDate "2018.10.10"]
[SourceVersion "1"]
[SourceVersionDate "2018.10.10"]
[SourceQuality "1"]

1. Nf3 Nf6 2. d4 g6 3. g3 Bg7 4. Bg2 0-0 5. 0-0 d6 6. b3 Nbd7 7. Bb2 e5 8. dxe5 Ng4 9. c4 Ngxe5 10. Nxe5 Nxe5 11. Nc3 Re8 12. Qd2 Rb8 13. Nb5 a6 14. Nd4 Qe7 15. Rad1 Nd7 16. Rfe1 Nc5 17. e4 Bg4 18. f3 Bd7 19. Bc3 b5 20. cxb5 axb5 21. Ne2 Bxc3 22. Nxc3 Bc6 23. Bf1 Qf6 24. Kg2 b4 25. Nd5 Bxd5 26. Qxd5 Ra8 27. Rd2 Ra5 28. Rde2 Qe6 29. Qd4 Rea8 30. e5 Rxa2 31. exd6 cxd6 32. Kg1 Rxe2 33. Rxe2 Qxb3 34. Qxd6 Ne6 35. Qc6 Ra3 36. f4 Kg7 37. Qd6 Qc3 38. Rxe6 fxe6 39. Qe7+ Kg8 40. Qe8+ 1/2-1/2

[Event "Madrid Chamartin op 6th"]
[Site "Madrid"]
[Date "2017.09.09"]
[Round "8"]
[White "Perez Gonzalez, Daniel"]
[Black "Serrera Sanchez Romo, Sergio"]
[Result "1-0"]
[WhiteElo "1894"]
[BlackElo "1684"]
[PlyCount "91"]
[EventDate "2017.09.04"]
[EventType "swiss"]
[EventRounds "9"]
[EventCountry "ESP"]
[SourceTitle "CBM 180 Extra"]
[Source "ChessBase"]
[SourceDate "2017.10.06"]
[SourceVersion "1"]
[SourceVersionDate "2017.10.06"]
[SourceQuality "1"]

1. e4 c5 2. Nf3 d6 3. d4 cxd4 4. Nxd4 Nf6 5. Nc3 a6 6. Be3 e6 7. Be2 Be7 8. 0-0 Qc7 9. a4 Nc6 10. Nb3 b6 11. f4 0-0 12. Qe1 Bb7 13. Qg3 Rfd8 14. Qf2 Nd7 15. Bf3 Nc5 16. Nxc5 dxc5 17. f5 Nd4 18. fxe6 fxe6 19. Bg4 Rf8 20. Qd2 Rad8 21. Rxf8+ Bxf8 22. Bxd4 Rxd4 23. Bxe6+ Kh8 24. Qf2 Rd8 25. Re1 Bd6 26. Qh4 Be7 27. Qh5 g6 28. Qh3 Bf6 29. Rf1 Qe7 30. e5 Bg7 31. Rf7 Qg5 32. Rxb7 Qc1+ 33. Kf2 Qf4+ 34. Qf3 Qxe5 35. Re7 Rf8 36. Rf7 Rd8 37. Bd5 Qd4+ 38. Kf1 Re8 39. Qf4 Qxf4+ 40. Rxf4 Bd4 41. g3 Bxc3 42. bxc3 Rd8 43. Bc4 Rd2 44. Rf2 Rxf2+ 45. Kxf2 Kg7 46. Bxa6 1-0

[Event "Madrid Chamartin op 6th"]
[Site "Madrid"]
[Date "2017.09.07"]
[Round "6"]
[White "Aziz Ortego, Omar Luis"]
[Black "Perez Gonzalez, Daniel"]
[Result "1-0"]
[WhiteElo "2069"]
[BlackElo "1894"]
[PlyCount "47"]
[EventDate "2017.09.04"]
[EventType "swiss"]
[EventRounds "9"]
[EventCountry "ESP"]
[SourceTitle "CBM 180 Extra"]
[Source "ChessBase"]
[SourceDate "2017.10.06"]
[SourceVersion "1"]
[SourceVersionDate "2017.10.06"]
[SourceQuality "1"]

1. e4 c5 2. c4 Nc6 3. Ne2 e6 4. d4 cxd4 5. Nxd4 Nf6 6. Nc3 Bb4 7. Nxc6 bxc6 8. Bd3 e5 9. 0-0 Be7 10. Kh1 d6 11. f4 0-0 12. Qe1 Re8 13. f5 Nd7 14. Be3 f6 15. Rf3 Bf8 16. Rd1 Qe7 17. Rh3 Bb7 18. Be2 Nb6 19. c5 dxc5 20. Na4 Nxa4 21. Bc4+ Qf7 22. Qe2 Nb6 23. Bxf7+ Kxf7 24. Rxh7 1-0

[Event "Madrid Chamartin op 6th"]
[Site "Madrid"]
[Date "2017.09.07"]
[Round "5"]
[White "Perez Gonzalez, Daniel"]
[Black "Fernandez Alvarez, Luis"]
[Result "0-1"]
[WhiteElo "1894"]
[BlackElo "2088"]
[PlyCount "108"]
[EventDate "2017.09.04"]
[EventType "swiss"]
[EventRounds "9"]
[EventCountry "ESP"]
[SourceTitle "CBM 180 Extra"]
[Source "ChessBase"]
[SourceDate "2017.10.06"]
[SourceVersion "1"]
[SourceVersionDate "2017.10.06"]
[SourceQuality "1"]

1. e4 c5 2. Nf3 d6 3. d4 Nf6 4. Nc3 cxd4 5. Nxd4 a6 6. Be3 Ng4 7. Bc1 Nf6 8. Be3 Ng4 9. Bc1 Nc6 10. Be2 Nf6 11. Be3 e6 12. 0-0 Be7 13. a4 0-0 14. Kh1 Qc7 15. Nb3 Bd7 16. a5 Rac8 17. f3 Ne5 18. Bb6 Qb8 19. Qd2 Nc4 20. Bxc4 Rxc4 21. Rfd1 Rcc8 22. Qe3 Bc6 23. Nd4 Nd7 24. Nxc6 Rxc6 25. Na4 Rxc2 26. Qb3 Rc6 27. f4 Nf6 28. Nc3 d5 29. exd5 Nxd5 30. Nxd5 exd5 31. g3 Qc8 32. Qxd5 Bf6 33. Qd7 Rc2 34. Qxc8 Rfxc8 35. Rd7 Rxb2 36. Rad1 h5 37. R7d2 Rxd2 38. Rxd2 Re8 39. Bc5 Rd8 40. Rc2 Rc8 41. Rc1 Be7 42. Be3 Rxc1+ 43. Bxc1 Bb4 44. Kg2 Bxa5 45. Kf3 f5 46. Ke3 Bb6+ 47. Kf3 Kf7 48. h3 Ke6 49. g4 hxg4+ 50. hxg4 g6 51. gxf5+ gxf5 52. Ke2 Kd5 53. Kd3 Bd4 54. Ba3 a5 0-1

[Event "Madrid Chamartin op 6th"]
[Site "Madrid"]
[Date "2017.09.06"]
[Round "4"]
[White "Martinez Fernandez, Raul"]
[Black "Perez Gonzalez, Daniel"]
[Result "1/2-1/2"]
[WhiteElo "2180"]
[BlackElo "1894"]
[PlyCount "60"]
[EventDate "2017.09.04"]
[EventType "swiss"]
[EventRounds "9"]
[EventCountry "ESP"]
[SourceTitle "CBM 180 Extra"]
[Source "ChessBase"]
[SourceDate "2017.10.06"]
[SourceVersion "1"]
[SourceVersionDate "2017.10.06"]
[SourceQuality "1"]

1. e4 c5 2. Nf3 d6 3. Bb5+ Nd7 4. 0-0 Ngf6 5. Re1 a6 6. Bf1 g6 7. c3 Bg7 8. d4 cxd4 9. cxd4 0-0 10. a4 b6 11. Bc4 Qc7 12. Bb3 Bb7 13. Nc3 e5 14. dxe5 dxe5 15. Bg5 h6 16. Bxf6 Nxf6 17. Rc1 Rac8 18. Qd2 Bxe4 19. Nd5 Qb7 20. Nxf6+ Bxf6 21. Qxh6 Bg7 22. Qh3 Bxf3 23. Qxf3 Qxf3 24. gxf3 Rfd8 25. Rxc8 Rxc8 26. Rd1 Rc6 27. Rd7 Rf6 28. Bd5 a5 29. Kf1 Kf8 30. Rb7 Rf4 1/2-1/2